000 00718nam a22002057a 4500
005 20220406154421.0
008 220406b ||||| |||| 00| 0 eng d
020 _a9781484240564
040 _cAIMIT LIBRARY
082 _21
_a005.7681
_bKOIK
100 _aKoitzsch, Kerry.
_928172
245 _aPro hadoop data analytics :
_bDesigning and building big data systems using the hadoop ecosystem /
_cBy Kerry Koitsch.
250 _a1st ed.
260 _aNew York :
_bApress ,
_c2017.
300 _axxi, 298p. ;
_c25 cm.
650 _aA scala and python refresher
_928173
650 _aData pipelines and how to construct them
_928174
650 _aComponents and systems
_928175
942 _2ddc
_cBK
_e1st
_k005.7681 KOIK
999 _c222236
_d222236